000 00412nam a2200157Ia 4500
008 180921t2002 xxu||||| |||| 00| 0 eng d
041 _aeng
080 _a8-3
_b(Youth) FER
100 _aFernando, Vijita
245 _aMahadenamutta,the old man who knew every thing
260 _bType force
_aAustralia
_c2002
300 _a66p, 18cm
942 _cBK
999 _c10321
_d10321
003 LK-CoDNM
040 _aLK-CoDNM
_dLK-CoDNM
_eLK-CoDNM